000 00665cam a2200217 4500500
005 20260329004621.0
041 _afre
042 _adc
100 1 0 _aN’Diaye, Aïda
_eauthor
245 0 0 _aDominer. Enquête sur la souveraineté de l’État en Occident
260 _c2020.
500 _a92
690 _aChristian Laval
690 _aDomination
690 _aPierre Dardot
690 _aPolitique
690 _aPouvoir
690 _aSouveraineté
786 0 _nPhilosophie magazine | 142 | 9 | 2020-09-01 | p. 102-102 | 1951-1787
856 4 1 _uhttps://shs.cairn.info/magazine-philosophie-magazine-2020-9-page-102?lang=fr&redirect-ssocas=7080
999 _c1835688
_d1835688